| 000 | 00562nam a2200169Ia 4500 | ||
|---|---|---|---|
| 003 | GCL | ||
| 008 | 140319s9999 xx 000 0 ara d | ||
| 040 |
_aGCL / _cGCL |
||
| 082 | 0 | 4 |
_a792.09 _bو م |
| 100 | 1 | _aوزارة الثقافة | |
| 245 | 1 | 0 |
_aالمسرح القومى: اليوبيل الفضى 1935 - 1960 / _cوزارة الثقافة |
| 260 |
_aالقاهرة : _bالمسرح القومى |
||
| 300 |
_a96 ص ؛ _c24 سم |
||
| 650 | 0 | 4 | _aالمسرح القومى |
| 650 | 0 | 4 | _aالاحتفالات العامة - المسرح |
| 942 |
_2ddc _cBK |
||
| 999 |
_c47329 _d47329 |
||